000 01058nam a2200289Ia 4500
001 Para_1182
003 CHAP
008 220125s1987 xx 000 0 und d
010 _a199908
040 _cCHAP
090 _aPA TESIS 1148
100 _aSandoval Martínez, Ma. Irene Emma
_9102147
245 _aPrueba de variedades de alfalfa (Medicago sativa L.), a la pudrición de raiz provocada por Rhizoctonia solani Kühn en condiciones de invernadero; Chapingo, México /
_c por Ma Irene Emma Sandoval Martínez
260 _aChapingo, Méx. :
_b El autor
300 _a52 h.
502 _aTesis (Ing. Agr. Esp. en Parasitología Agrícola), UACh. Depto. Parasitología
650 _aAlfalfa
_x variedades resistentes a enfermedades
_93894
650 _aRhizoctonia solani
_997134
710 _aUACh. Departamento Parasitología Agrícola
_9164025
901 _aPA TESIS 1148
902 _aA
905 _a0000001987 0000000000 00
910 _a1987
942 _cPARA
942 _cPARA
_d1
999 _c199908
_d199908